Revue d'économie industrielle

Na minha lista:
Detalhes bibliográficos
Formato: Periódico
Idioma:francês
Publicado em: Paris Éditions Techniques et Économiques 1999
Assuntos:
Tags: Adicionar Tag
Sem tags, seja o primeiro a adicionar uma tag!

MARC

LEADER 00000nas2a2200000 4500
001 s124125
005 20231103122532.7
022 |a 0154-3229 
041 0 |a fre 
044 |a FR 
245 1 0 |a Revue d'économie industrielle 
264 1 |a Paris  |b Éditions Techniques et Économiques  |c 1999 
300 |a 1 zv. 
773 0 |w eu_un_cat*s120271 
610 2 0 |a priemysel 
610 2 0 |a riadenie priemyslu